000 00457nam a2200181Ia 4500
001 3149
005 20260306144859.0
008 260306t2014||||xx |||||||||||||| ||spa||
041 _aESP
082 _a261.4
_bG15
100 _aGallagher, Michael Paul
_eAUT
245 0 _aEl evangelio en la cultura actual:
_bun frescor que sorprende
260 _c2014
300 _a95 páginas :
_c20 cm.
650 _aGEN
654 _aCHU
942 _cLIB
_dJUS
_fJUS
_2ddc
_n
999 _c3149
_d3149